|
|
|
|
| LEADER |
00000nab a2200000 a 4500 |
| 001 |
vtls000495533 |
| 003 |
SK-MaSNL |
| 005 |
20260304082714.0 |
| 008 |
250424c1993 xo 0 slo |
| 015 |
|
|
|a SNBRB19rr/mm-uuuuu
|
| 035 |
|
|
|a CL0495671
|
| 035 |
|
|
|a urn:nbn:sk:snk-abc7w
|
| 035 |
|
|
|a (urnnbn)urn:nbn:sk:snk:ar-a04rru
|
| 035 |
|
|
|a (uuid)3258d499-b534-419c-b4db-e8b4d4c2230d
|
| 040 |
|
|
|a SNKBUCL
|b slo
|c SNKBUCL
|e AACR2
|
| 041 |
0 |
|
|a slo
|
| 044 |
|
|
|a xo
|c SK
|
| 080 |
|
|
|a 637.1.03:663.18:579.86
|2 1981
|
| 080 |
|
|
|a 663.18
|2 1981
|
| 080 |
|
|
|a 579.86
|2 1981
|
| 245 |
0 |
0 |
|a Bifidobaktérie ako potravinárske aditívum
|c Ľ. Polívka, B. Glončáková, O. Galis, B. Škárka
|
| 300 |
|
|
|b Obr. 8
|
| 650 |
0 |
7 |
|a mliekárenský priemysel
|2 snkbucl
|9 160897
|
| 650 |
0 |
7 |
|a bifidobaktérie
|2 snkbucl
|9 1043281
|
| 655 |
|
7 |
|a články z novín a časopisov
|2 snkbucl
|9 267496
|
| 700 |
1 |
|
|a Polívka, Ľudovít
|4 aut
|9 6224
|
| 700 |
1 |
|
|a Glončáková, B.
|4 aut
|9 820304
|
| 700 |
1 |
|
|a Galis, Otto
|4 aut
|9 967524
|
| 700 |
1 |
|
|a Škárka, Bohumil,
|d 1933-2009
|4 aut
|9 225740
|
| 773 |
0 |
|
|t Mliekárstvo
|g Roč. 24, č. 1 (1993), s. 15-20
|x 1210-3144
|
| 850 |
|
|
|a Slovenská národná knižnica
|
| 852 |
|
|
|a Slovenská národná knižnica
|
| 954 |
|
|
|a odborná, vedecká literatúra pôvodná (slovenská)
|2 lita
|
| 958 |
|
|
|a article27
|
| 958 |
|
|
|a RK
|
| 958 |
|
|
|a MI
|
| 958 |
|
|
|a OND
|
| 958 |
|
|
|a EUIPO
|
| 992 |
|
|
|a RBX
|
| 999 |
|
|
|c 2797913
|d 2799843
|